FISHMAN'S PULMONARY DISEASES AND DISORDERS (Record no. 216515)

MARC details
000 -LEADER
fixed length control field 00444nam a22001697a 4500
008 - FIXED-LENGTH DATA ELEMENTS--GENERAL INFORMATION
fixed length control field 260203b |||||||| |||| 00| 0 eng d
020 ## - INTERNATIONAL STANDARD BOOK NUMBER
International Standard Book Number 978-1-26047394-0
100 ## - MAIN ENTRY--PERSONAL NAME
Personal name GRIPPI, MICHAEL A.
245 ## - TITLE STATEMENT
Title FISHMAN'S PULMONARY DISEASES AND DISORDERS
250 ## - EDITION STATEMENT
Edition statement 6TH ED
260 ## - PUBLICATION, DISTRIBUTION, ETC.
Place of publication, distribution, etc. NEW YORK
Name of publisher, distributor, etc. MCGRAW HILL
Date of publication, distribution, etc. 2023
300 ## - PHYSICAL DESCRIPTION
Extent XXIX1395P
500 ## - GENERAL NOTE
General note INCLUDES INDEX
650 ## - SUBJECT ADDED ENTRY
Topical term or geographic name entry element LUNG DISEASES
942 ## - ADDED ENTRY ELEMENTS (KOHA)
Source of classification or shelving scheme Library of Congress Classification
Koha item type Long Loan Book
Holdings
Withdrawn status Lost status Source of classification or shelving scheme Damaged status Not for loan Collection Home library Current library Shelving location Date acquired Inventory number Total checkouts Full call number Barcode Date last seen Copy number Price effective from Koha item type
    Library of Congress Classification     Medicine Kisii University Library Kisii University Library On Display 02/03/2026 110988   RC 756 .F57 2023 V.1 50225 02/03/2026 C.1 02/03/2026 Long Loan Book
    Library of Congress Classification     Medicine Kisii University Library Kisii University Library On Display 02/03/2026 110989   RC 756 .F57 2023 V.1 50226 02/03/2026 C.2 02/03/2026 Long Loan Book
    Library of Congress Classification     Medicine Kisii University Library Kisii University Library On Display 02/03/2026 110990   RC 756 .F57 2023 V.1 50228 02/03/2026 C.3 02/03/2026 Long Loan Book